000 01049nam a22003137a 4500
003 CHAP
005 20220817042826.0
008 971013s1977 r 00010 d
010 _a56921
011 _a57893
035 _a62048
040 _cCHAP
082 _a631.4
_bS65
110 _aSoil Science Society of America. Madison, Wis.
_9108304
245 _aSoils for management of organic wastes waters
260 _aMadison, Wis. :
_b(The society),
_c1977
300 _a650 p.
_b: ilus. ; gráfs. ; mapas
590 _aBATCH-UPD
_b10
_c20130110
_lUCH01
_h1515
590 _aBATCH-UPD
_b10
_c20130410
_lUCH01
_h0930
590 _aBATCH-UPD
_b10
_c20130914
_lUCH01
_h0103
590 _aCONVERSION
_b10
_c20130109
_lUCH01
_h1331
650 1 4 _aAbonos
_xEfecto en suelos.
650 1 4 _aAguas residuales para irrigación.
_92591
650 1 4 _aSuelos.
_9110191
901 _aBK
942 _cLIBRO
949 _a631.4 S65
_bBC
_cLIBRO
_d33724000064440
_eLIBRO
_h50104
_i62048
_si
949 _a631.4 S65
_bBC
_cLIBRO
_d33724000064457
_eLIBRO
_fc.2
_h50105
_i62048
_si
999 _c56921
_d56921